000
00273nam a22001097a 4500
082
_a
355.02 STA'C
100
_a
STACKPOLE, EDWARD J
_9
46590
245
_a
CHANCELLORSVILL LEE'S GREATEST BATTLE
260
_a
PENNSYLVANIA
_b
THE STACKPOLE
_c
1958
300
_a
384P
942
_c
BK
999
_c
567917
_d
567917